000 00530nam a22001697a 4500
999 _c12082
_d12082
008 190116b ||||| |||| 00| 0 eng d
020 _a971-542-291-8
082 _22001
_aDFil 899.211
_bP53
245 _aBila-an genesis /
_cDamiana L. Eugenio (Compiler and Editor)
260 _aQuezon City:
_bUP Press,
_c2001
300 _aPages 86-87;
_c23 cm.
500 _aPhilippine Folk Literature
650 _aMythology
_934262
650 _aLegends
_934263
650 _aPhilippine folk literature (English)
_934264
942 _2ddc
_cDFIL